| 000 | 00731nam a2200241 i 4500 | ||
|---|---|---|---|
| 001 | bg | ||
| 100 | 1 | _aTRYKOZKO, Anna | |
| 245 | 1 | 0 |
_aPoczta elektroniczna : _btajemnice Elm [e-mail] / _cAnna Trykozko, Michał Jarski. |
| 260 |
_aWarszawa : _b"Mikom", _c1994. |
||
| 300 |
_a155 s. : _brys. ; _c24 cm. |
||
| 504 | _aBibliogr. s. 152. - Indeks. | ||
| 630 | 0 | 9 | _aUNIX |
| 650 | 9 | _aPoczta elektroniczna | |
| 700 | 1 | _aJARSKI, Michał | |
| 020 | _a8385625623 | ||
| 040 | _cBPK | ||
| 041 | 0 | _apl | |
| 080 | _a654:681.324.066UNIX | ||
| 920 | _a83-85625-62-3 | ||
| 942 | _cKS | ||
| 008 | s pl f |000 0 pol | ||
| 856 |
_uhttp://koha.tu.koszalin.pl/cgi-bin/koha/opac-detail.pl?biblionumber=32065 _yKatalog online BPK |
||
| 999 |
_c32065 _d32065 |
||